Домье : (Record no. 222835)
[ view plain ]
| 000 -LEADER | |
|---|---|
| fixed length control field | 00940nam a2200241 a 4500 |
| 001 - CONTROL NUMBER | |
| control field | 000635158 |
| 003 - CONTROL NUMBER IDENTIFIER | |
| control field | AM-YeHGA |
| 005 - DATE AND TIME OF LATEST TRANSACTION | |
| control field | 20250617140609.0 |
| 008 - FIXED-LENGTH DATA ELEMENTS--GENERAL INFORMATION | |
| fixed length control field | 090223s1984 ||||| |||||||||||||rus|c |
| 040 ## - CATALOGING SOURCE | |
| Original cataloging agency | AM-YeHGA |
| 041 1# - LANGUAGE CODE | |
| Language code of text/sound track or separate title | rus |
| Language code of original | fre |
| 090 ## - LOCALLY ASSIGNED LC-TYPE CALL NUMBER (OCLC); LOCAL CALL NUMBER (RLIN) | |
| -- | 224370 |
| 100 1# - MAIN ENTRY--PERSONAL NAME | |
| Personal name | Пассерон, Роже |
| 245 10 - TITLE STATEMENT | |
| Title | Домье : |
| Remainder of title | Свидетель своей эпохи : Монография / |
| Statement of responsibility, etc. | Роже Пассерон ; Пер. с фр. Т.А. Савицкой и А.И. Смелянского. |
| 246 15 - VARYING FORM OF TITLE | |
| Title proper/short title | Daumier : |
| Remainder of title | Temoin de son Temps |
| 260 ## - PUBLICATION, DISTRIBUTION, ETC. | |
| Place of publication, distribution, etc. | Москва : |
| Name of publisher, distributor, etc. | Изобраз. искусство, |
| Date of publication, distribution, etc. | 1984. |
| 300 ## - PHYSICAL DESCRIPTION | |
| Extent | 296 с. : |
| Other physical details | ил. |
| 440 #0 - SERIES STATEMENT/ADDED ENTRY--TITLE | |
| Title | Свидетель своей эпохи |
| 600 14 - SUBJECT ADDED ENTRY--PERSONAL NAME | |
| Personal name | Домье, Оноре |
| 650 14 - SUBJECT ADDED ENTRY--TOPICAL TERM | |
| Topical term or geographic name entry element | Рисование и прикладное искусство |
| 700 1# - ADDED ENTRY--PERSONAL NAME | |
| Personal name | Савицкая, Т.А |
| Relator term | пер. |
| Relationship | trl |
| 700 1# - ADDED ENTRY--PERSONAL NAME | |
| Personal name | Смелянский, А.И. |
| Relator term | пер. |
| Relationship | trl |
| Withdrawn status | Lost status | Damaged status | Not for loan | Collection | Home library | Current library | Date acquired | Total checkouts | Full call number | Barcode | Date last seen | Price effective from | Koha item type | Public note |
|---|---|---|---|---|---|---|---|---|---|---|---|---|---|---|
| General | Fundamental Scientific Library | Fundamental Scientific Library | 29/12/2016 | PIII/52478 | FL0401898 | 29/12/2016 | 29/12/2016 | Գրքեր / Books | 30 Days Loan | |||||
| General | Fundamental Scientific Library | Fundamental Scientific Library | 29/12/2016 | PIII/52648 | FL0402027 | 29/12/2016 | 29/12/2016 | Գրքեր / Books | 30 Days Loan |
ՀՀ Գիտությունների ազգային ակադեմիայի հիմնարար գիտական գրադարան = Fundamental Scientific Library of NAS RA
All site content, except where otherwise noted, is licensed under a